[Event "Coupe Loubatiere 2012"]
[Site "Aurec"]
[Date "2012.11.25"]
[Round "1.1"]
[White "Rann, Raphael"]
[Black "Djouder, Larbi"]
[Result "0-1"]
[WhiteElo "1660"]
[BlackElo "1686"]
[PlyCount "70"]
[EventDate "2012.??.??"]

1. e4 e5 2. Nf3 Nc6 3. Bb5 a6 4. Ba4 d6 5. c3 Bd7 6. Bb3 h6 7. d3 Nf6 8. Nbd2
Be7 9. Nf1 Bg4 10. Ng3 O-O 11. h3 Be6 12. Bc2 d5 13. Qe2 Qd7 14. O-O Rad8 15.
b4 dxe4 16. dxe4 Qc8 17. Nh4 b5 18. Qf3 Nh7 19. Nhf5 Bg5 20. h4 Bxc1 21. Raxc1
Qd7 22. Rcd1 Qe8 23. Bb3 Bxb3 24. axb3 Qe6 25. Nh5 g6 26. Nxh6+ Kh8 27. Rxd8
Nxd8 28. Ng3 Kg7 29. Qe3 f5 30. exf5 gxf5 31. Nh5+ Kh8 32. Qd2 f4 33. Qe2 Qxh6
34. Qxe5+ Nf6 35. Rd1 Qxh5 0-1

[Event "Coupe Loubatiere 2012"]
[Site "Aurec"]
[Date "2012.11.25"]
[Round "1.2"]
[White "Desassis, Jean-Francois"]
[Black "Buisson, Sebastien"]
[Result "1/2-1/2"]
[WhiteElo "1600"]
[BlackElo "1530"]
[PlyCount "61"]
[EventDate "2012.??.??"]

1. c4 Nf6 2. Nf3 g6 3. Nc3 Bg7 4. g3 O-O 5. Bg2 d6 6. Qb3 c6 7. O-O Qc7 8. d3
e5 9. Bd2 h6 10. Rab1 Be6 11. a4 a5 12. Qc2 Na6 13. Qc1 Kh7 14. Na2 e4 15. Nd4
exd3 16. Nxe6 fxe6 17. exd3 Nd7 18. Qe1 Nac5 19. b4 Nxd3 20. Qxe6 Rae8 21. Qg4
N7e5 22. Qd1 Nxc4 23. Bxh6 Nxf2 24. Qc1 Bxh6 25. Qxc4 Be3 26. Qh4+ Kg7 27. Rbc1
Nh3+ 28. Kh1 Rxf1+ 29. Rxf1 Nf2+ 30. Kg1 Nh3+ 31. Kh1 1/2-1/2

[Event "Coupe Loubatiere 2012"]
[Site "Aurec"]
[Date "2012.11.25"]
[Round "1.4"]
[White "Coulomb, Marc"]
[Black "Fournier, Gerald"]
[Result "0-1"]
[WhiteElo "1300"]
[BlackElo "1499"]
[PlyCount "108"]
[EventDate "2012.??.??"]

1. e4 c5 2. Nf3 d6 3. Nc3 Nc6 4. d4 cxd4 5. Nxd4 e5 6. Nf3 Nf6 7. Bc4 Bg4 8.
Bb5 a6 9. Bxc6+ bxc6 10. h3 Bh5 11. Qd3 Be7 12. Bg5 Bxf3 13. Qxf3 d5 14. O-O-O
d4 15. a3 Qa5 16. Ne2 Rb8 17. Rd3 O-O 18. Rb3 c5 19. Qd3 Qc7 20. f4 c4 21. Rc3
dxc3 22. Qxc3 Nxe4 23. Qxe5 Qxe5 24. fxe5 Nxg5 25. Nd4 Rfc8 26. h4 Ne6 27. Nf5
Kf8 28. h5 c3 29. b4 h6 30. Rh3 a5 31. bxa5 Bxa3+ 32. Kd1 Rb1+ 33. Ke2 Nf4+ 34.
Kf3 Nxh3 35. gxh3 Rf1+ 36. Ke4 Rf2 37. Nd4 Bc5 38. Nb5 Rxc2 39. Kd3 Rh2 40.
Kxc3 Rxh3+ 41. Kc4 Bg1+ 42. Kd5 Rxh5 43. Nd6 Rc5+ 44. Ke4 Rhxe5+ 45. Kd3 Red5+
46. Ke4 Rxd6 47. a6 Rd4+ 48. Kf3 Rc3+ 49. Ke2 Re3+ 50. Kf1 Rd2 51. a7 Ra3 52.
Ke1 Rb2 53. a8=Q+ Rxa8 54. Kd1 Ra1# 0-1

[Event "Coupe Loubatiere 2012"]
[Site "Aurec"]
[Date "2012.11.25"]
[Round "1.1"]
[White "Philip, Sylvain"]
[Black "Doran, Niall"]
[Result "0-1"]
[WhiteElo "1599"]
[BlackElo "1692"]
[PlyCount "89"]
[EventDate "2012.??.??"]

1. e4 e6 2. d4 d5 3. Nd2 c5 4. Ngf3 Nc6 5. exd5 Qxd5 6. Bc4 Qd8 7. O-O cxd4 8.
Nb3 Nf6 9. Nfxd4 Nxd4 10. Nxd4 Qc7 11. Qe2 a6 12. f4 b5 13. Bb3 Bc5 14. Be3 O-O
15. Rad1 Rd8 16. Nf3 Bb7 17. Ne5 Bxe3+ 18. Qxe3 Nd5 19. Qf2 a5 20. c3 Rac8 21.
Rd4 Nf6 22. Bc2 Rxd4 23. Qxd4 Rd8 24. Qe3 Bd5 25. g4 Qb7 26. g5 Nd7 27. h4 Nxe5
28. fxe5 Bc4 29. Rf2 b4 30. h5 bxc3 31. bxc3 Qd5 32. h6 Rb8 33. Qf4 Rb7 34.
hxg7 Bxa2 35. Be4 Rb1+ 36. Kg2 Qxe4+ 37. Qxe4 Bd5 38. Qxd5 exd5 39. Rd2 Rb5 40.
Kf3 Kxg7 41. Rd4 Kg6 42. Kf4 Rc5 43. Ra4 Rc4+ 44. Rxc4 dxc4 45. Ke3 0-1

[Event "Coupe Loubatiere 2012"]
[Site "Aurec"]
[Date "2012.11.25"]
[Round "1.2"]
[White "Pogosian, Gor"]
[Black "Joly, Christian"]
[Result "0-1"]
[WhiteElo "1170"]
[BlackElo "1690"]
[PlyCount "74"]
[EventDate "2012.??.??"]

1. e4 d6 2. d4 Nf6 3. Nc3 g6 4. Bg5 Bg7 5. Nf3 c6 6. Bc4 O-O 7. O-O b5 8. Bb3
b4 9. Bxf6 Bxf6 10. Ne2 Bg4 11. Nf4 Bxf3 12. Qxf3 Bxd4 13. Rab1 Nd7 14. Qd3 c5
15. Ne2 Bg7 16. Qd5 Nf6 17. Qc4 a5 18. a4 Qc7 19. Nf4 e6 20. Qd3 Ng4 21. Bxe6
d5 22. Qg3 fxe6 23. Nxe6 Qxg3 24. hxg3 Rfe8 25. Nc7 Rac8 26. Nxe8 Rxe8 27. exd5
Re2 28. c4 Bxb2 29. d6 Ne5 30. Rfe1 Rc2 31. Rxe5 Bxe5 32. d7 Bc7 33. Re1 Kg7
34. Re8 Rd2 35. d8=Q Rxd8 36. Rxd8 Bxd8 37. Kf1 b3 0-1

[Event "Coupe Loubatiere 2012"]
[Site "Aurec"]
[Date "2012.11.25"]
[Round "1.3"]
[White "Vaccaro, Pierre"]
[Black "Lempereur, Theo"]
[Result "1-0"]
[WhiteElo "1410"]
[BlackElo "1250"]
[PlyCount "73"]
[EventDate "2012.??.??"]

1. e4 e5 2. d4 d6 3. d5 Nf6 4. Nc3 c6 5. Bc4 Be7 6. Nf3 Bg4 7. O-O O-O 8. h3
Bh5 9. Be2 Bxf3 10. Bxf3 Na6 11. a3 c5 12. Re1 Rb8 13. Bg5 b5 14. Bxf6 Bxf6 15.
Be2 b4 16. Bxa6 bxc3 17. bxc3 Rb2 18. Bd3 Qa5 19. c4 Qc3 20. Re2 Bg5 21. g3
Rfb8 22. h4 Bd2 23. Rxd2 Qd4 24. Qc1 f5 25. c3 Rb1 26. Rxb1 Rxb1 27. Qxb1 Qxc3
28. Qb2 Qa5 29. Rd1 Qa4 30. Rb1 Qd7 31. Qb8+ Kf7 32. Rb7 Qxb7 33. Qxb7+ Kg6 34.
exf5+ Kh5 35. Qf7+ Kg4 36. Be2+ Kh3 37. Qh5 1-0

[Event "Coupe Loubatiere 2012"]
[Site "Aurec"]
[Date "2012.11.25"]
[Round "1.4"]
[White "Poyet, Louis"]
[Black "Martin, Julien"]
[Result "0-1"]
[WhiteElo "1140"]
[BlackElo "1460"]
[PlyCount "124"]
[EventDate "2012.??.??"]

1. d4 d5 2. Nc3 e6 3. Nf3 Nf6 4. Bg5 Be7 5. e3 Ne4 6. Bxe7 Qxe7 7. Nxe4 dxe4 8.
Nd2 Qb4 9. Be2 O-O 10. O-O Nc6 11. Nxe4 e5 12. d5 Qxe4 13. Bf3 Qg6 14. dxc6
bxc6 15. b4 e4 16. Be2 Bh3 17. Bf3 exf3 18. Qxf3 Bf5 19. c3 Be4 20. Qg3 Rad8
21. f3 Qxg3 22. hxg3 Bg6 23. e4 Rd3 24. Rac1 f6 25. a4 Bf7 26. c4 Rd4 27. Rfd1
Rxc4 28. Rxc4 Bxc4 29. Rd7 Rb8 30. Rxc7 Rxb4 31. Rxa7 Bb3 32. a5 c5 33. a6 Ra4
34. Rb7 Ra1+ 35. Kh2 Rxa6 36. Rxb3 Kf7 37. Kg1 Ra1+ 38. Kf2 Rc1 39. Rb6 c4 40.
Ke2 Rc2+ 41. Kd1 Rxg2 42. g4 Rg3 43. Rc6 Rxf3 44. Rxc4 Rf4 45. Ke2 Rxg4 46. Kf3
h5 47. Rc2 Kg6 48. Rc5 Rg5 49. Rxg5+ Kxg5 50. Kg3 h4+ 51. Kh2 g6 52. Kg2 Kg4
53. Kh2 g5 54. Kg2 Kf4 55. e5 fxe5 56. Kf2 g4 57. Kg2 e4 58. Kf2 h3 59. Kf1 Kf3
60. Kg1 e3 61. Kf1 h2 62. Ke1 h1=R# 0-1

[Event "Coupe Loubatiere 2012"]
[Site "Aurec"]
[Date "2012.11.25"]
[Round "1.1"]
[White "Ducoulombier, Bertrand"]
[Black "Boeuf, Jeremy"]
[Result "0-1"]
[WhiteElo "1470"]
[BlackElo "1601"]
[PlyCount "110"]
[EventDate "2012.??.??"]

1. e4 d5 2. exd5 Qxd5 3. Nc3 Qa5 4. d4 Bf5 5. Bd3 Bxd3 6. Qxd3 Nd7 7. Bf4 Ngf6
8. Qb5 Qb6 9. Qxb6 Nxb6 10. Bxc7 Nfd7 11. Nf3 g6 12. Nb5 Rc8 13. Bxb6 Nxb6 14.
Na3 e6 15. Nb5 a6 16. Nc3 Bb4 17. O-O Bxc3 18. bxc3 Rxc3 19. Rab1 Rc6 20. Ne5
Rd6 21. c4 f6 22. c5 Rxd4 23. Rxb6 fxe5 24. Rxb7 O-O 25. Rc1 Rc8 26. g3 Rd5 27.
c6 Rb5 28. Rxb5 axb5 29. Kf1 Kf7 30. Ke2 Ke7 31. Ke3 Kd6 32. Ke4 Rxc6 33. Rxc6+
Kxc6 34. a3 Kc5 35. Kd3 e4+ 36. Kc2 h6 37. h3 h5 38. h4 e5 39. Kb3 Kd4 40. Kb4
e3 41. fxe3+ Kxe3 42. Kxb5 e4 43. a4 Kf2 44. a5 e3 45. a6 e2 46. a7 e1=Q 47.
a8=Q Qb1+ 48. Kc4 Qc2+ 49. Kd4 Qd2+ 50. Ke5 Qe3+ 51. Kf6 Qxg3 52. Qa2+ Kg1 53.
Qb1+ Kh2 54. Qxg6 Qxh4+ 55. Qg5 Kh3 0-1

[Event "Coupe Loubatiere 2012"]
[Site "Aurec"]
[Date "2012.11.25"]
[Round "1.2"]
[White "Piper, Stephane"]
[Black "Legendre, Julien"]
[Result "1-0"]
[WhiteElo "1636"]
[BlackElo "1499"]
[PlyCount "65"]
[EventDate "2012.??.??"]

1. c4 e6 2. Nc3 Nf6 3. d4 g6 4. Nf3 Bg7 5. e4 d6 6. Bd3 O-O 7. O-O Re8 8. Be3
Nbd7 9. e5 dxe5 10. dxe5 Ng4 11. Re1 Nh6 12. Qd2 Nf5 13. Bg5 f6 14. exf6 Bxf6
15. Bc2 Bxg5 16. Nxg5 Nc5 17. Qxd8 Rxd8 18. Rad1 Re8 19. Re5 b6 20. b4 Nd7 21.
Rxe6 Rxe6 22. Nxe6 Ne5 23. Nxc7 Rb8 24. Rd8+ Kf7 25. Bxf5 gxf5 26. Rd4 Bb7 27.
f4 Ng4 28. N7b5 Re8 29. Nd6+ Ke7 30. Nxb7 Kf7 31. Nd6+ Ke7 32. Nxe8 Kxe8 33. c5
1-0

[Event "Coupe Loubatiere 2012"]
[Site "Aurec"]
[Date "2012.11.25"]
[Round "1.3"]
[White "Trottet, Francois"]
[Black "Acikgoz, Tuncay"]
[Result "1/2-1/2"]
[WhiteElo "1430"]
[BlackElo "1420"]
[PlyCount "168"]
[EventDate "2012.??.??"]

1. e4 d5 2. exd5 Qxd5 3. Nc3 Qd8 4. d4 Nf6 5. Nf3 Bg4 6. Be2 Bxf3 7. Bxf3 e6 8.
a3 Bd6 9. Bg5 Nbd7 10. Ne4 Qe7 11. Nxd6+ cxd6 12. O-O O-O 13. Re1 d5 14. Qd3
Qd6 15. Bd2 Rfe8 16. Bb4 Qc7 17. Rac1 e5 18. dxe5 Nxe5 19. Qb3 Nxf3+ 20. Qxf3
Rxe1+ 21. Rxe1 Qxc2 22. Qe3 Qe4 23. Bc3 Qxe3 24. Rxe3 Rd8 25. Bxf6 gxf6 26. Kf1
Rc8 27. Rc3 Rxc3 28. bxc3 Kf8 29. Ke2 Ke7 30. Kd3 Kd6 31. Kd4 h5 32. f4 Kc6 33.
h3 Kb5 34. Kxd5 Ka4 35. c4 Kxa3 36. Kc5 a5 37. Kb6 a4 38. c5 Kb3 39. Kxb7 a3
40. c6 a2 41. c7 a1=Q 42. c8=Q Qe1 43. Qc6 Qe7+ 44. Kb6 Qb4+ 45. Qb5 Ka3 46.
Qxb4+ Kxb4 47. g4 h4 48. Kc6 Kc4 49. Kd6 Kd4 50. f5 Ke4 51. Ke7 Kf4 52. Kxf7
Kg5 53. Ke6 Kf4 54. Kxf6 Kg3 55. Kg6 Kxh3 56. f6 Kxg4 57. f7 h3 58. f8=Q Kg3
59. Qa3+ Kg2 60. Qb2+ Kh1 61. Kg5 h2 62. Kg4 Kg1 63. Qc1+ Kg2 64. Qd2+ Kg1 65.
Qe3+ Kg2 66. Qh3+ Kg1 67. Qg3+ Kh1 68. Qf3+ Kg1 69. Qd1+ Kg2 70. Qd5+ Kg1 71.
Qd1+ Kg2 72. Qe2+ Kg1 73. Qe1+ Kg2 74. Qg3+ Kh1 75. Qf4 Kg2 76. Qf3+ Kg1 77.
Qd1+ Kg2 78. Qd5+ Kg1 79. Qd4+ Kg2 80. Qb2+ Kg1 81. Qb6+ Kg2 82. Qb2+ Kg1 83.
Qc1+ Kg2 84. Qd2+ Kg1 1/2-1/2

[Event "Coupe Loubatiere 2012"]
[Site "Aurec"]
[Date "2012.11.25"]
[Round "1.4"]
[White "Boeuf, Jean-Julien"]
[Black "Daillere, Roland"]
[Result "1-0"]
[WhiteElo "1560"]
[BlackElo "1270"]
[PlyCount "67"]
[EventDate "2012.??.??"]

1. Nf3 d5 2. c4 d4 3. g3 Nc6 4. Bg2 e5 5. d3 Bd7 6. O-O Nf6 7. a3 a5 8. Re1 Bc5
9. Nbd2 O-O 10. Nb3 Ba7 11. Bd2 a4 12. Na5 Nxa5 13. Bxa5 b6 14. Bd2 e4 15. Nxd4
c5 16. Nc2 Re8 17. Bg5 h6 18. Bxf6 Qxf6 19. Bxe4 Rac8 20. Qc1 Bc6 21. Bxc6 Rxc6
22. Ne3 Rce6 23. b4 axb3 24. Rb1 Qd4 25. Rxb3 Rxe3 26. fxe3 Rxe3 27. Kg2 f5 28.
Rb2 h5 29. Rf1 g6 30. Rf4 Qe5 31. Qc2 g5 32. Rf3 f4 33. Rxe3 Qxe3 34. Qd2 1-0

[Event "Coupe Loubatiere 2012"]
[Site "Aurec"]
[Date "2012.11.25"]
[Round "2.1"]
[White "Doran, Niall"]
[Black "Ducoulombier, Bertrand"]
[Result "1/2-1/2"]
[WhiteElo "1692"]
[BlackElo "1470"]
[PlyCount "77"]
[EventDate "2012.??.??"]

1. e4 e5 2. Nf3 Nc6 3. Bb5 a6 4. Ba4 Nf6 5. O-O Be7 6. Re1 b5 7. Bb3 O-O 8. c3
d5 9. exd5 Nxd5 10. Nxe5 Nxe5 11. Rxe5 c6 12. d3 Bd6 13. Re1 Qh4 14. g3 Qh3 15.
Re4 Nf6 16. Rh4 Qf5 17. Nd2 Re8 18. Ne4 Bc7 19. Nxf6+ Qxf6 20. Be3 Bd6 21. Qh5
Bf5 22. Bd4 Qg6 23. Qxg6 Bxg6 24. Be3 Be7 25. Rd4 Bf6 26. Rd6 Rac8 27. Re1 Bf5
28. Bd2 Be5 29. Rxc6 Rxc6 30. d4 Rd6 31. f4 Bxd4+ 32. cxd4 Rxe1+ 33. Bxe1 Rxd4
34. Bc3 Rd7 35. Kf2 Kf8 36. Bb4+ Ke8 37. Bc3 g6 38. a4 Bg4 39. Bb4 1/2-1/2

[Event "Coupe Loubatiere 2012"]
[Site "Aurec"]
[Date "2012.11.25"]
[Round "2.2"]
[White "Legendre, Julien"]
[Black "Pogosian, Gor"]
[Result "1-0"]
[WhiteElo "1499"]
[BlackElo "1170"]
[PlyCount "59"]
[EventDate "2012.??.??"]

1. d4 d5 2. c3 Nf6 3. e3 Bg4 4. Be2 Bf5 5. f4 Be4 6. Nf3 Nc6 7. O-O e6 8. Nbd2
Bg6 9. Ne5 Nxe5 10. fxe5 Ne4 11. Nxe4 Bxe4 12. Bd3 Qh4 13. Bxe4 Qxe4 14. Qh5 g6
15. Qf3 Qxf3 16. Rxf3 c5 17. Bd2 cxd4 18. exd4 Bg7 19. Bg5 O-O 20. Raf1 h6 21.
Be7 Rfe8 22. Rxf7 Bf6 23. R1xf6 Rac8 24. Bd6 g5 25. Rxb7 a5 26. Rg6+ Kh8 27.
Rxh6+ Kg8 28. Rg6+ Kh8 29. Rxg5 Rg8 30. Rh5# 1-0

[Event "Coupe Loubatiere 2012"]
[Site "Aurec"]
[Date "2012.11.25"]
[Round "2.3"]
[White "Lempereur, Theo"]
[Black "Trottet, Francois"]
[Result "0-1"]
[WhiteElo "1250"]
[BlackElo "1430"]
[PlyCount "80"]
[EventDate "2012.??.??"]

1. e4 c5 2. Nc3 e6 3. Bb5 a6 4. Bc4 Nc6 5. d3 Nd4 6. Nf3 b5 7. Nxd4 bxc4 8. Nf3
cxd3 9. cxd3 Nf6 10. Bg5 d6 11. Bxf6 Qxf6 12. Qa4+ Bd7 13. Qa5 Qd8 14. Qxd8+
Rxd8 15. O-O Be7 16. Rab1 O-O 17. b4 Bf6 18. Ne2 Bb5 19. Rfd1 Rc8 20. a3 h6 21.
Rbc1 Rfd8 22. Nf4 cxb4 23. axb4 Bc3 24. d4 Bxb4 25. d5 e5 26. Rb1 a5 27. Nd3
Bxd3 28. Rxd3 Rc4 29. Re3 Rdc8 30. Kf1 Rc1+ 31. Rxc1 Rxc1+ 32. Ne1 Rb1 33. f3
a4 34. Re2 a3 35. Ra2 Rxe1+ 36. Kf2 Rb1 37. Ke2 Rb2+ 38. Rxb2 axb2 39. Kd3
b1=Q+ 40. Kc4 Bc5 0-1

[Event "Coupe Loubatiere 2012"]
[Site "Aurec"]
[Date "2012.11.25"]
[Round "2.4"]
[White "Daillere, Roland"]
[Black "Poyet, Louis"]
[Result "1-0"]
[WhiteElo "1270"]
[BlackElo "1140"]
[PlyCount "49"]
[EventDate "2012.??.??"]

1. d4 d5 2. Nf3 Nf6 3. h3 Nc6 4. Bf4 Bf5 5. e3 a6 6. Bd3 e6 7. O-O Bd6 8. Bxd6
cxd6 9. Bxf5 exf5 10. Qd3 Qc8 11. Nbd2 O-O 12. b3 Nb4 13. Qe2 Qxc2 14. Rfc1 Qb2
15. Rcb1 Qa3 16. Nh4 Ne4 17. Nxf5 Nc3 18. Qg4 g6 19. Ne7+ Kh8 20. Rf1 f6 21.
Qh4 g5 22. Qh5 Rfe8 23. Nf5 a5 24. Qh6 Rg8 25. Qxf6+ 1-0

[Event "Coupe Loubatiere 2012"]
[Site "Aurec"]
[Date "2012.11.25"]
[Round "2.1"]
[White "Djouder, Larbi"]
[Black "Philip, Sylvain"]
[Result "0-1"]
[WhiteElo "1686"]
[BlackElo "1599"]
[PlyCount "46"]
[EventDate "2012.??.??"]

1. e4 e6 2. d4 d5 3. Nd2 Nf6 4. exd5 exd5 5. Ngf3 Bg4 6. Be2 Bd6 7. O-O O-O 8.
Re1 Nbd7 9. Nf1 Ne4 10. Ne3 Bxf3 11. Bxf3 Bxh2+ 12. Kf1 Qh4 13. Bxe4 dxe4 14.
g3 Qh3+ 15. Ng2 f5 16. Qd2 f4 17. gxf4 Bxf4 18. Qc3 Qh1+ 19. Ke2 Qxg2 20. Bxf4
Rxf4 21. Qxc7 Rxf2+ 22. Kd1 Nb6 23. a4 Rc8 0-1

[Event "Coupe Loubatiere 2012"]
[Site "Aurec"]
[Date "2012.11.25"]
[Round "2.2"]
[White "Joly, Christian"]
[Black "Desassis, Jean-Francois"]
[Result "0-1"]
[WhiteElo "1690"]
[BlackElo "1600"]
[PlyCount "41"]
[EventDate "2012.??.??"]

1. d4 Nf6 2. Nf3 g6 3. Bg5 Bg7 4. Nc3 d6 5. Qd2 O-O 6. h4 Nbd7 7. e4 e5 8. dxe5
dxe5 9. O-O-O c6 10. Nxe5 b5 11. Nxd7 Qxd7 12. Qf4 Qg4 13. Qe3 b4 14. f3 Qe6
15. Nb1 Qxa2 16. Qc5 Nxe4 17. fxe4 Qxb2+ 18. Kd2 h6 19. Be7 Re8 20. Qxb4 Rd8+
21. Bd6 0-1

[Event "Coupe Loubatiere 2012"]
[Site "Aurec"]
[Date "2012.11.25"]
[Round "2.3"]
[White "Mialon, Franck"]
[Black "Vaccaro, Pierre"]
[Result "1-0"]
[WhiteElo "1390"]
[BlackElo "1410"]
[PlyCount "131"]
[EventDate "2012.??.??"]

1. e4 c5 2. Nf3 d6 3. d4 cxd4 4. Nxd4 e5 5. Nf5 Bxf5 6. exf5 Nf6 7. Bg5 Be7 8.
Bd3 O-O 9. Nc3 d5 10. f3 d4 11. Ne4 Nxe4 12. Bxe7 Qxe7 13. Bxe4 Qb4+ 14. Qd2
Qxd2+ 15. Kxd2 Nc6 16. Rad1 f6 17. Kc1 Rfd8 18. g4 Rab8 19. h4 h6 20. g5 fxg5
21. hxg5 hxg5 22. Rh5 Rd6 23. Rxg5 Rh6 24. Rdg1 g6 25. f6 Kf7 26. Rxg6 Rxg6 27.
Rxg6 a5 28. Rh6 Ke6 29. Bd3 Rf8 30. Bc4+ Kf5 31. f7 Nd8 32. Rb6 Nxf7 33. Rxb7
Nd6 34. Bd3+ Kf4 35. Ra7 Ke3 36. Rxa5 Rxf3 37. Rxe5+ Kf4 38. Rd5 Ne4 39. Rxd4
Re3 40. Rxe4+ Rxe4 41. Bxe4 Kxe4 42. Kd2 Kd4 43. c3+ Kc4 44. b3+ Kb5 45. Kd3
Ka5 46. Kc4 Kb6 47. b4 Ka6 48. a4 Kb6 49. a5+ Ka6 50. Kc5 Kb7 51. b5 Kb8 52.
Kb6 Ka8 53. c4 Kb8 54. c5 Ka8 55. c6 Kb8 56. a6 Ka8 57. Kc5 Kb8 58. b6 Ka8 59.
b7+ Kb8 60. Kd6 Ka7 61. Kc7 Kxa6 62. b8=Q Ka5 63. Kd6 Ka6 64. c7 Ka5 65. c8=Q
Ka4 66. Qa6# 1-0

[Event "Coupe Loubatiere 2012"]
[Site "Aurec"]
[Date "2012.11.25"]
[Round "2.4"]
[White "Martin, Julien"]
[Black "Coulomb, Marc"]
[Result "0-1"]
[WhiteElo "1460"]
[BlackElo "1300"]
[PlyCount "66"]
[EventDate "2012.??.??"]

1. e4 e5 2. Nf3 Nc6 3. d4 d6 4. Bb5 Nge7 5. d5 a6 6. Ba4 b5 7. dxc6 bxa4 8. c3
Nxc6 9. Qxa4 Bb7 10. O-O h6 11. Nbd2 Be7 12. Nc4 O-O 13. Na5 Nxa5 14. Qxa5 Bxe4
15. Qa4 Bxf3 16. gxf3 Bg5 17. Bxg5 Qxg5+ 18. Kh1 h5 19. Rg1 Qd2 20. Qh4 Qxb2
21. Qxh5 Qxf2 22. Raf1 Qxa2 23. Rxg7+ Kxg7 24. Qg5+ Kh7 25. Qh4+ Kg6 26. Rg1+
Kf5 27. Qe7 Rh8 28. Rg5+ Kf4 29. Qf6+ Ke3 30. Rg2 Qb1+ 31. Rg1 Qc2 32. Qg5+ Kd3
33. Qg3 Rag8 0-1

[Event "Coupe Loubatiere 2012"]
[Site "Aurec"]
[Date "2012.11.25"]
[Round "2.1"]
[White "Boeuf, Jeremy"]
[Black "Rann, Raphael"]
[Result "0-1"]
[WhiteElo "1601"]
[BlackElo "1660"]
[PlyCount "50"]
[EventDate "2012.??.??"]

1. e4 Nf6 2. Nc3 d5 3. e5 Nfd7 4. d4 e6 5. Nf3 c5 6. Bb5 Nc6 7. Ne2 Qa5+ 8. Nc3
a6 9. Bxc6 bxc6 10. Bd2 Qb6 11. Ne2 cxd4 12. Nexd4 c5 13. Nb3 Be7 14. O-O O-O
15. c3 f6 16. Re1 fxe5 17. Nxe5 Nxe5 18. Rxe5 Qd6 19. Re2 c4 20. Nd4 e5 21. Nc2
Qg6 22. Rxe5 Bd6 23. Rh5 Bg4 24. Rg5 Bxh2+ 25. Kf1 Rxf2+ 0-1

[Event "Coupe Loubatiere 2012"]
[Site "Aurec"]
[Date "2012.11.25"]
[Round "2.2"]
[White "Buisson, Sebastien"]
[Black "Piper, Stephane"]
[Result "1/2-1/2"]
[WhiteElo "1530"]
[BlackElo "1636"]
[PlyCount "69"]
[EventDate "2012.??.??"]

1. e4 c5 2. Nc3 Nc6 3. g3 e5 4. Bg2 d6 5. d3 Nf6 6. Bg5 Be6 7. Qd2 Be7 8. Nge2
O-O 9. f4 exf4 10. Nxf4 h6 11. Bxf6 Bxf6 12. Nfd5 Bg5 13. Qf2 Bxd5 14. Nxd5 Ne7
15. h4 Nxd5 16. hxg5 Nb4 17. gxh6 gxh6 18. Rxh6 Kg7 19. Rh4 Qg5 20. Kf1 Rh8 21.
Rf4 f6 22. Bf3 Rh3 23. Rg4 Qxg4 24. Bxg4 Rh1+ 25. Kg2 Rxa1 26. a3 Nc6 27. c3
Ne5 28. Be2 Ra2 29. d4 cxd4 30. cxd4 Nc6 31. Bc4 Ra1 32. Qf5 Re8 33. Bd5 Rb1
34. b4 Rb2+ 35. Kh3 1/2-1/2

[Event "Coupe Loubatiere 2012"]
[Site "Aurec"]
[Date "2012.11.25"]
[Round "2.3"]
[White "Acikgoz, Tuncay"]
[Black "Pradel, Philippe"]
[Result "1-0"]
[WhiteElo "1420"]
[BlackElo "1590"]
[PlyCount "105"]
[EventDate "2012.??.??"]

1. d4 Nf6 2. Nf3 c5 3. c3 e6 4. Bg5 Be7 5. Bxf6 Bxf6 6. e3 Qb6 7. dxc5 Qxb2 8.
Nbd2 Qxc3 9. Rc1 Qa5 10. a4 Na6 11. Bd3 Nxc5 12. Bb5 Na6 13. O-O Qd8 14. Ne4
O-O 15. Nd6 Nc7 16. Bd3 Ne8 17. Bxh7+ Kxh7 18. Qc2+ Kg8 19. Nxc8 Be7 20. Nxe7+
Qxe7 21. h4 d5 22. Ng5 f5 23. Qc5 Qxc5 24. Rxc5 Rf6 25. Rfc1 Nd6 26. Rc7 b6 27.
Re7 Kf8 28. Rcc7 Ne8 29. Nh7+ Kg8 30. Nxf6+ Nxf6 31. Rxg7+ Kh8 32. Rxa7 Rf8 33.
Raf7 Rxf7 34. Rxf7 Ne4 35. Re7 Nc5 36. Re8+ Kg7 37. Ra8 Kf6 38. a5 bxa5 39.
Rxa5 Ne4 40. f3 Ng3 41. Kf2 Nh5 42. g4 fxg4 43. fxg4 Ng7 44. Kg3 Ke5 45. Ra7
Kf6 46. g5+ Kg6 47. h5+ Nxh5+ 48. Kg4 Ng7 49. Ra6 Kf7 50. Kf4 Kg6 51. Ke5 Kxg5
52. Rxe6 Nxe6 53. Kxe6 1-0

[Event "Coupe Loubatiere 2012"]
[Site "Aurec"]
[Date "2012.11.25"]
[Round "2.4"]
[White "Fournier, Gerald"]
[Black "Boeuf, Jean-Julien"]
[Result "0-1"]
[WhiteElo "1499"]
[BlackElo "1560"]
[PlyCount "136"]
[EventDate "2012.??.??"]

1. e4 Nf6 2. e5 Nd5 3. c4 Nb6 4. c5 Nd5 5. d4 d6 6. Bc4 c6 7. Nf3 dxc5 8. dxc5
Qa5+ 9. Bd2 Qxc5 10. Bb3 Bg4 11. O-O e6 12. Re1 Be7 13. Bxd5 cxd5 14. Qa4+ Nc6
15. Qxg4 O-O 16. Bh6 g6 17. Bxf8 Bxf8 18. Nc3 Nb4 19. Re2 Bg7 20. a3 Nc6 21.
Rc1 d4 22. Na2 Qd5 23. Nb4 Nxb4 24. axb4 d3 25. Rd1 Qb3 26. Re3 Qxd1+ 27. Re1
Qc2 28. Qd4 Bh6 29. Rf1 d2 30. h3 Rc8 31. Nxd2 Qxd2 32. Qxa7 Qxb4 33. Qa3 Qxa3
34. bxa3 Ra8 35. Ra1 Bf8 36. a4 b5 37. a5 b4 38. a6 b3 39. Rb1 Rxa6 40. Rxb3
Bc5 41. Rb2 Ra5 42. Kf1 Bd4 43. Re2 Bxe5 44. g3 Ra1+ 45. Kg2 Bd6 46. f4 Kg7 47.
Kf3 Ra3+ 48. Kg2 h6 49. h4 Kf6 50. Rd2 Be7 51. g4 h5 52. g5+ Kf5 53. Rd7 Kxf4
54. Rxe7 Kg4 55. Rxf7 Kxh4 56. Rf6 Kxg5 57. Rxe6 Kf5 58. Re8 Kg4 59. Rg8 g5 60.
Rc8 Rf3 61. Rc4+ Rf4 62. Rc3 h4 63. Rc8 h3+ 64. Kg1 Kg3 65. Rh8 Rd4 66. Kf1 h2
67. Ke2 Kg2 68. Rxh2+ Kxh2 0-1

[Event "Coupe Loubatiere 2012"]
[Site "Aurec"]
[Date "2012.11.25"]
[Round "3.1"]
[White "Philip, Sylvain"]
[Black "Ducoulombier, Bertrand"]
[Result "0-1"]
[WhiteElo "1599"]
[BlackElo "1470"]
[PlyCount "72"]
[EventDate "2012.??.??"]

1. e4 e5 2. Nf3 Nc6 3. Bb5 a6 4. Ba4 Nf6 5. O-O Be7 6. d4 exd4 7. e5 Ne4 8. Qe2
Nc5 9. Bxc6 dxc6 10. Rd1 Ne6 11. Nc3 c5 12. Ne4 O-O 13. c3 b6 14. Be3 f5 15.
exf6 Bxf6 16. Nxf6+ Qxf6 17. cxd4 cxd4 18. Nxd4 Nxd4 19. Bxd4 Qf7 20. b4 Re8
21. Qb2 Be6 22. a3 Rab8 23. Rac1 c5 24. Be5 Rb7 25. bxc5 bxc5 26. Qc3 c4 27.
Qg3 Rb3 28. Rc3 Rc8 29. h4 a5 30. h5 a4 31. Rd6 Rb1+ 32. Kh2 Qxh5+ 33. Qh3 Bxh3
34. Bf4 Bf5+ 35. Rh3 Bxh3 36. gxh3 Qf3 0-1

[Event "Coupe Loubatiere 2012"]
[Site "Aurec"]
[Date "2012.11.25"]
[Round "3.2"]
[White "Legendre, Julien"]
[Black "Joly, Christian"]
[Result "1/2-1/2"]
[WhiteElo "1499"]
[BlackElo "1690"]
[PlyCount "50"]
[EventDate "2012.??.??"]

1. d4 Nf6 2. e3 g6 3. f4 Bg7 4. Nf3 d6 5. Bd3 c6 6. O-O Na6 7. c3 Nc7 8. Qc2
O-O 9. f5 Qe8 10. fxg6 fxg6 11. e4 e5 12. dxe5 dxe5 13. Bc4+ Be6 14. Bxe6+ Qxe6
15. Bg5 Nd7 16. Qd2 Nc5 17. Qe3 b6 18. Nbd2 Rf7 19. Bh6 Raf8 20. Bxg7 Kxg7 21.
Ng5 Rxf1+ 22. Rxf1 Rxf1+ 23. Kxf1 Qxa2 24. Qf3 Qg8 25. h4 Nb3 1/2-1/2

[Event "Coupe Loubatiere 2012"]
[Site "Aurec"]
[Date "2012.11.25"]
[Round "3.3"]
[White "Vaccaro, Pierre"]
[Black "Trottet, Francois"]
[Result "1/2-1/2"]
[WhiteElo "1410"]
[BlackElo "1430"]
[PlyCount "90"]
[EventDate "2012.??.??"]

1. e4 c5 2. d4 cxd4 3. c3 Qa5 4. b4 Qb6 5. Qxd4 Qxd4 6. cxd4 Nc6 7. Nf3 Nxb4 8.
Na3 e6 9. Bc4 a6 10. O-O b5 11. Be2 Bb7 12. e5 Nd5 13. Nc2 Rc8 14. Ne3 Be7 15.
Nxd5 Bxd5 16. a4 Bc4 17. Bxc4 bxc4 18. Ba3 Bxa3 19. Rxa3 Ne7 20. Rc1 Nd5 21.
Nd2 Nf4 22. Kf1 c3 23. Ne4 c2 24. Nd6+ Ke7 25. Nxc8+ Rxc8 26. Ra2 Rc4 27. Rcxc2
Rxd4 28. g3 Nd5 29. Rd2 Rc4 30. h4 Nb4 31. Rab2 a5 32. Rd1 Nd5 33. Rb5 Rxa4 34.
Rbxd5 exd5 35. Rxd5 Ke6 36. Rb5 h5 37. f4 Ra3 38. Kg2 a4 39. Rb4 Ra2+ 40. Kh3
a3 41. Ra4 g6 42. g4 hxg4+ 43. Kxg4 Rg2+ 44. Kf3 Ra2 45. Ke4 Ra1 1/2-1/2

[Event "Coupe Loubatiere 2012"]
[Site "Aurec"]
[Date "2012.11.25"]
[Round "3.4"]
[White "Daillere, Roland"]
[Black "Martin, Julien"]
[Result "1-0"]
[WhiteElo "1270"]
[BlackElo "1460"]
[PlyCount "41"]
[EventDate "2012.??.??"]

1. d4 d5 2. Nf3 Nf6 3. Bf4 Nc6 4. h3 e6 5. e3 Bd6 6. Bh2 Bxh2 7. Nxh2 e5 8. c3
O-O 9. Be2 exd4 10. cxd4 Qd6 11. Nc3 Bf5 12. Bd3 Ne4 13. O-O Qg6 14. Nxd5 Bxh3
15. Nf4 Qf5 16. Nxh3 Rae8 17. f3 Qg6 18. fxe4 Qh6 19. Ng4 Qh4 20. Rf4 g5 21.
Nf6+ 1-0